Laddar...

Advanced plant physiology

Bibliografiska uppgifter
Huvudupphovsman: Wilkins, Malcom B
Materialtyp: Printed Book
Publicerad: Essex, Longman Scientific and Technical 1992
Ämnen:
LEADER 006960000a22002170004500
020 |a 0-582--21272-3 
082 |a 581.1 WIL 
100 |a Wilkins, Malcom B  |9 135624 
245 |a Advanced plant physiology 
260 |a Essex, Longman Scientific and Technical 
260 |c 1992 
650 |a Auxins  |9 135625 
650 |a Cytokinins  |9 135626 
650 |a Gibbererellins  |9 135627 
650 |a Nitrogen fixation  |9 135628 
650 |a Photosynthesis  |9 135629 
650 |a Physiology plant  |9 135630 
650 |a Plant physiology  |9 135631 
942 |c BK 
999 |c 177087  |d 177083 
952 |0 0  |1 0  |4 0  |6 581_100000000000000_WIL  |7 0  |9 175513  |a SES  |b SES  |d 2019-05-16  |l 0  |o 581.1 WIL  |p SES00572  |r 2019-05-16  |w 2019-05-16  |y BK